000 00601nam a2200205Ia 4500
005 20250508162211.0
008 008 250505s9999 xx 000 0 eng d
020 _a0-85527-443-3
037 _aTextual
040 _aFEDL
_beng
_cFEDL
041 _aeng
_2eng
084 _a370.1, MAT
_qFEDL
100 _aMatthews Michael R.
245 0 _aMarxist theroy of schooling : A study of epistemology and education
260 _aNew Jersey, USA
_bHumanities Pr
_c1980
300 _ax,214p.
650 _aEducation - Philosophy
942 _cTEXL
_h370.1, MAT
999 _c1374982
_d1374982